Service Marketing (Record no. 1927)

MARC details
000 -LEADER
fixed length control field 00403nam a22001697a 4500
005 - DATE AND TIME OF LATEST TRANSACTION
control field 20160527110040.0
008 - FIXED-LENGTH DATA ELEMENTS--GENERAL INFORMATION
fixed length control field 160527b xxu||||| |||| 00| 0 eng d
020 ## - INTERNATIONAL STANDARD BOOK NUMBER
ISBN 81-203-2598-2
041 ## - LANGUAGE CODE
Language code of text/sound track or separate title eng
082 ## - DEWEY DECIMAL CLASSIFICATION NUMBER
Item number 5410
100 ## - MAIN ENTRY--AUTHOR NAME
Personal name Srinivasaran, R
245 ## - TITLE STATEMENT
Title Service Marketing
260 ## - PUBLICATION, DISTRIBUTION, ETC. (IMPRINT)
Place of publication New Delhi
Name of publisher Academic Faundation
Year of publication 2004
300 ## - PHYSICAL DESCRIPTION
Number of Pages 240
650 ## - SUBJECT ADDED ENTRY--TOPICAL TERM
Topical Term Management
942 ## - ADDED ENTRY ELEMENTS (KOHA)
Koha item type Books
Holdings
Lost status Damaged status Collection code Home library Current library Shelving location Date acquired Cost, normal purchase price Full call number Accession Number Koha item type
    MANAGEMENT JRU Library JRU Library SHELF-35-C 27/05/2016 195.00 5410 5410 Books
      JRU Library   SHELF- 68 H 27/05/2016 195.00 5410 5411 Books
    Reference JRU Library   SHELF-29-F 27/05/2016 195.00 5410 5412 Books
      JRU Library   Shelf - 21- H 27/05/2016 195.00 5410 5413 Books